00262nam a2200121Ia 450000500170000000800410001704100080005810000180006624500240008425000080010826000160011630000080013220251013221652.0251010s9999 xx 000 0 und d aeng aDickens ,. C. aTale Of Two Cities a1ST bUBSBDc1992 a410